000 00917nam a22002177a 4500
003 OSt
005 20260312075959.0
008 260312b |||||||| |||| 00| 0 eng d
020 _a0-06-444041-9
040 _aDWCL GS lib
_cOC
082 _aL797m 1977
100 _aLOBEL, ARNOLD
245 _aMouse soup
_cARNOLD LOBEL
260 _aNew York
_b Harper and Row, Publishers, Inc.
_c1977
300 _a64 p
_c22cm
520 _aa clever mouse, captured by a weasel, avoids being eaten by telling four engaging stories: "Bees and the Mud," "Two Large Stones," "The Crickets," and "The Thorn Bush".
650 _aThe mouse convinces the weasel that the soup needs special ingredients—stories—to taste good, buying time and eventually tricking the weasel.
650 _aintelligence, wit, and storytelling can overcome physical strength and dangerous situations
700 _aARNOLD LOBEL
942 _2ddc
_cFIC.
_n0
999 _c9057
_d9057